Välimeren maiden liput - Statistics

Yleistilastot
  • Tätä visaa on pelattu 2 315 kertaa
  • Keskiarvotulos 17 / 21
Vastaustilastot
Kuvavisa Vastaus % Oikein
Italia
99%
Kreikka
99%
Ranska
99%
Espanja
98%
Israel
98%
Turkki
96%
Kypros
93%
Albania
92%
Kroatia
88%
Bosnia ja Hertsegovina
84%
Egypti
83%
Malta
82%
Slovenia
81%
Libanon
74%
Monaco
74%
Tunisia
73%
Marokko
71%
Montenegro
68%
Algeria
66%
Syyria
62%
Libya
58%
Ehtoja vastaavia visoja ei löytynyt
Tulosjakauma
Jokaisen tuloksen saaneiden osuus
Persentiili vastausten määrän mukaan
Tuloshistoriasi
Et ole pelannut tätä visaa